La trama de la vida: una nueva perspectiva de los sistemas vivos
محفوظ في:
| المؤلف الرئيسي: | |
|---|---|
| التنسيق: | كتاب |
| اللغة: | الإسبانية |
| منشور في: |
Barcelona, España
Anagrama
2015
|
| الطبعة: | Cuarta edición |
| سلاسل: | Colección Compactos.
487 |
| الموضوعات: | |
| الوسوم: |
إضافة وسم
لا توجد وسوم, كن أول من يضع وسما على هذه التسجيلة!
|
MARC
| LEADER | 00000cam a2200000 a 4500 | ||
|---|---|---|---|
| 001 | UCD1371 | ||
| 003 | CL-VaPUC | ||
| 005 | 20250225115632.0 | ||
| 008 | 160303e20150000sp |||||||||||||||||spa|d | ||
| 999 | |c 362719 |d 362717 | ||
| 020 | |a 9788433973436 | ||
| 040 | |c Pontificia Universidad Católica de Valparaíso | ||
| 082 | 0 | 4 | |a 570 CAP 2015 |2 21 |
| 100 | 0 | |a Capra, Fritjof |9 584481 | |
| 245 | 1 | 3 | |a La trama de la vida: una nueva perspectiva de los sistemas vivos |
| 250 | |a Cuarta edición | ||
| 260 | 0 | 3 | |a Barcelona, España |b Anagrama |c 2015 |
| 300 | |a 359 páginas | ||
| 490 | 0 | |a Colección Compactos. |v 487 | |
| 583 | |a last modification |c 20160303 03:41:00 |k Rodrigo Vera | ||
| 650 | 7 | |a BIOLOGIA HUMANA |2 CL-VaPUC |9 269547 | |
| 650 | 0 | |a Ciencias de la vida |9 314137 | |
| 650 | 0 | |a Historia natural |9 268584 | |
| 650 | 0 | |a Ecología |9 258124 | |
| 942 | |c BK |2 ddc | ||
| 945 | |d 20160303 03:41:00 |a dcastane | ||
| 952 | |0 0 |1 0 |2 ddc |3 erb |4 0 |6 570_000000000000000_CAP_2015 |7 0 |8 A |9 474154 |a BIBING |b BIBING |i 5265053 |l 11 |o 570 CAP 2015 |p 5265053 |r 2025-03-20 |s 2025-03-13 |t 14 |w 2019-11-24 |y BK |z Catalogado en:20160303 |k EII | ||
| 952 | |0 0 |1 0 |2 ddc |3 erb |4 0 |6 570_000000000000000_CAP_2015 |7 0 |8 A |9 474155 |a BIBING |b BIBING |i 5294614 |l 6 |m 1 |o 570 CAP 2015 |p 5294614 |r 2025-01-20 |s 2023-03-31 |t 15 |w 2019-11-24 |y BK |z Catalogado en:20160623 |k EII | ||
| 952 | |0 0 |1 0 |2 ddc |3 erb |4 0 |6 570_000000000000000_CAP_2015 |7 0 |8 A |9 474156 |a BIBGIM |b BIBGIM |i 5354552 |l 1 |m 1 |o 570 CAP 2015 |p 5354552 |r 2025-01-15 |s 2022-08-16 |t 2 |w 2019-11-24 |y BK |z Catalogado en:20161201 |k COM | ||
| 952 | |0 0 |1 0 |2 ddc |3 erb |4 0 |6 570_000000000000000_CAP_2015 |7 0 |8 A |9 474157 |a BIBGIM |b BIBGIM |i 5354560 |o 570 CAP 2015 |p 5354560 |r 2025-01-15 |t 3 |w 2019-11-24 |y BK |z Catalogado en:20161201 |k COM | ||
| 952 | |0 0 |1 0 |2 ddc |3 erb |4 0 |6 570_000000000000000_CAP_2015 |7 0 |8 A |9 474158 |a BIBGIM |b BIBGIM |i 5354579 |o 570 CAP 2015 |p 5354579 |r 2025-01-15 |t 4 |w 2019-11-24 |y BK |z Catalogado en:20161201 |k COM | ||
| 952 | |0 0 |1 0 |2 ddc |3 erb |4 0 |6 570_000000000000000_CAP_2015 |7 0 |8 A |9 474159 |a BIBGIM |b BIBGIM |i 5354587 |o 570 CAP 2015 |p 5354587 |r 2025-01-15 |t 5 |w 2019-11-24 |y BK |z Catalogado en:20161201 |k COM | ||
| 952 | |0 0 |1 0 |2 ddc |3 erb |4 0 |6 570_000000000000000_CAP_2015 |7 0 |8 A |9 474160 |a BIBGIM |b BIBGIM |i 5354595 |o 570 CAP 2015 |p 5354595 |r 2025-01-15 |t 6 |w 2019-11-24 |y BK |z Catalogado en:20161201 |k COM | ||
| 952 | |0 0 |1 0 |2 ddc |3 erb |4 0 |6 570_000000000000000_CAP_2015 |7 0 |8 A |9 474161 |a BIBGIM |b BIBGIM |i 5354609 |o 570 CAP 2015 |p 5354609 |r 2025-01-15 |t 7 |w 2019-11-24 |y BK |z Catalogado en:20161201 |k COM | ||
| 952 | |0 0 |1 0 |2 ddc |3 erb |4 0 |6 570_000000000000000_CAP_2015 |7 0 |8 A |9 474162 |a BIBGIM |b BIBGIM |i 5354617 |o 570 CAP 2015 |p 5354617 |r 2025-01-15 |t 8 |w 2019-11-24 |y BK |z Catalogado en:20161201 |k COM | ||
| 952 | |0 0 |1 0 |2 ddc |3 erb |4 0 |6 570_000000000000000_CAP_2015 |7 0 |8 A |9 474163 |a BIBGIM |b BIBGIM |i 5354625 |o 570 CAP 2015 |p 5354625 |r 2025-01-15 |t 9 |w 2019-11-24 |y BK |z Catalogado en:20161201 |k COM | ||
| 952 | |0 0 |1 0 |2 ddc |3 erb |4 0 |6 570_000000000000000_CAP_2015 |7 0 |8 A |9 474164 |a BIBGIM |b BIBGIM |i 5354633 |o 570 CAP 2015 |p 5354633 |r 2025-01-15 |t 10 |w 2019-11-24 |y BK |z Catalogado en:20161201 |k COM | ||
| 952 | |0 0 |1 0 |2 ddc |3 erb |4 0 |6 570_000000000000000_CAP_2015 |7 0 |8 A |9 474165 |a BIBGIM |b BIBGIM |i 5354641 |o 570 CAP 2015 |p 5354641 |r 2025-01-15 |t 11 |w 2019-11-24 |y BK |z Catalogado en:20161201 |k COM | ||
| 952 | |0 0 |1 0 |2 ddc |3 erb |4 0 |6 570_000000000000000_CAP_2015 |7 0 |8 A |9 474166 |a BIBGIM |b BIBGIM |i 5357012 |l 1 |m 2 |o 570 CAP 2015 |p 5357012 |r 2025-01-15 |s 2022-10-04 |t 12 |w 2019-11-24 |y BK |z Catalogado en:20161216 |k COM | ||
| 952 | |0 0 |1 0 |2 ddc |3 erb |4 0 |6 570_000000000000000_CAP_2015 |7 0 |8 A |9 474167 |a BIBGIM |b BIBGIM |i 5357004 |l 1 |o 570 CAP 2015 |p 5357004 |r 2025-01-15 |s 2022-08-17 |t 13 |w 2019-11-24 |y BK |z Catalogado en:20161216 |k COM | ||
| 952 | |0 0 |1 0 |2 ddc |3 erb |4 0 |6 570_000000000000000_CAP_2015 |7 0 |8 A |9 474168 |a BIBCUR |b BIBCUR |i 5427126 |o 570 CAP 2015 |p 5427126 |r 2025-04-22 |t 1 |w 2019-11-24 |y BK |z Catalogado en:20171006 |k BIO | ||